Music Quiz

Random Music or Disney Quiz

Disney Movie Lyrics 8 Quiz Stats

Quiz not verified by Sporcle

Challenge
Share
Tweet
Embed
Score 0/204 Timer 20:00
0 Plays Today
Answer % Correct
I
97.2%
I
97.2%
I
97.2%
I
97.2%
I
97.2%
a
93.1%
a
93.1%
a
93.1%
A
93.1%
a
93.1%
a
93.1%
The
91%
the
91%
The
91%
the
91%
The
91%
the
91%
the
91%
the
91%
the
91%
you
86.9%
you
86.9%
you'll
86.9%
You
86.9%
be
82.2%
Be
82.2%
be
82.2%
Be
82.2%
be
82.2%
be
82.2%
Be
82.2%
Be
82.2%
Be
82.2%
we're
75.4%
we
74.8%
we'll
74.8%
and
74.1%
And
74.1%
And
74.1%
And
74.1%
and
74.1%
and
74.1%
it
73.5%
me
69.5%
on
68.5%
to
68.5%
to
68.5%
on
68.5%
Is
67.9%
is
67.9%
is
67.9%
Is
67.9%
do
67%
know
66.7%
know
66.7%
that
66.4%
that
66.4%
that
66.4%
your
64.8%
your
64.8%
when
63.9%
When
63.9%
of
62.3%
of
62.3%
of
62.3%
Of
62.3%
of
62.3%
of
62.3%
Answer % Correct
My
62%
my
62%
my
62%
So
61.7%
So
61.7%
Are
61.1%
are
61.1%
are
61.1%
are
61.1%
are
61.1%
for
59.8%
for
59.8%
for
59.8%
for
59.8%
for
59.8%
as
56.4%
as
56.4%
as
56.4%
am
54.2%
all-time
54.2%
am
54.2%
who'll
53.6%
at
53%
It's
52.3%
It's
52.3%
can't
51.7%
Just
48.9%
why
48.9%
But
48.6%
But
48.6%
But
48.6%
all
47.4%
you're
47%
not
46.4%
I'm
43.6%
from
42.7%
king
40.8%
I'll
40.8%
king
40.8%
With
40.5%
with
40.5%
get
39.6%
prepare
36.4%
prepare
36.4%
prepared
36.1%
prepared
36.1%
prepared
36.1%
prepared
36.1%
won't
35.2%
new
34.3%
last
34%
powers
32.4%
warthog's
31.8%
backside
31.8%
Even
30.5%
wet
30.2%
lights
29.6%
chance
29.3%
listen
29.3%
thick
29%
pay
28.7%
matter
28.7%
lifetime
28.3%
attention
28%
pride
28%
must
28%
retention
27.7%
era
27.4%
Answer % Correct
teacher
27.4%
rewarded
27.4%
words
26.8%
clear
26.8%
vacant
26.8%
talking
26.8%
kings
26.8%
tiptoeing
26.5%
news
26.2%
nearer
26.2%
expressions
25.9%
Yes
25.9%
unawares
25.5%
without
25.5%
upstairs
25.2%
sensational
25.2%
take
25.2%
caught
24.9%
feature?
24.9%
given
24.9%
shining
24.3%
sounds
24.3%
sniff
24.3%
seen
24.3%
dues
24%
though
23.4%
successions
22.7%
course
22.7%
soon
21.8%
point
21.5%
teeth
21.5%
great
21.2%
pro
21.2%
century
21.2%
wonder
21.2%
ambitions
21.2%
emphasize
20.6%
bared
20.6%
sordid
19.9%
board
19.9%
deliciously
19.6%
quo
19.6%
future
19.6%
duties
19%
expected
18.7%
respected
18.7%
saluted
18.7%
certain
18.4%
justice
18.1%
squared
18.1%
adored
18.1%
coup
18.1%
quid
17.8%
littered
17.8%
prizes
17.8%
undisputed
17.4%
murkiest
16.8%
planning
16.5%
denial
16.2%
simply
15.9%
connected
15.3%
scam
15.3%
Meticulous
15.3%
main
14.6%
spanning
13.4%
addressee
12.8%
Tenacity
12.8%
Decades
12.8%

You're not logged in!

Compare scores with friends on all Sporcle quizzes.
Sign Up with Email
OR
Log In

You Might Also Like...

Show Comments

Extras

Top Quizzes Today


Score Distribution

Your Account Isn't Verified!

In order to create a playlist on Sporcle, you need to verify the email address you used during registration. Go to your Sporcle Settings to finish the process.

Report this User

Report this user for behavior that violates our Community Guidelines.

Details: